Cartagena protocol on biosafety to the convention on biological diversity : (Registro nro. 7445)

Detalles MARC
000 -CABECERA
Campo de control 00807nam a22002177a 4500
005 - FECHA Y HORA DE LA ULTIMA TRANSACCION
Campo de control 20130725081434.0
008 - ELEMENTOS DE LONGITUD FIJA—INFORMACION GENERAL
Campo de control 130724b2000 -c ||||| |||| 00| 0 spa d
020 ## - ISBN
ISBN 9280719246
041 ## - IDIOMA
Código de idioma para texto/pista de sonido o título separado Inglés
044 ## - PAÍS DE PUBLICACIÓN
País de publicación Canadá
082 ## - NUMERO DE CLASIFICACION DECIMAL DEWEY
Número de clasificación 338.9
Número del ítem U58c
245 ## - MENCION DE TITULO
Título Cartagena protocol on biosafety to the convention on biological diversity :
Parte restante del título text and annexes
Mención de responsabilidad Secretariat of the convention on biological diversity
246 ## - FORMA VARIANTE DEL TITULO
Título propiamente dicho/forma breve del título Cartagena protocol on biosafety
260 ## - PUBLICACION, DISTRIBUCION, ETC. (PIE DE IMPRENTA)
Lugar de publicación, distribución, etc. Montreal (Canadá)
Nombre del editor, distribuidor, etc. Secretariat of the convention on biological diversity
Fecha de publicación, distribución, etc. 2000
300 ## - DESCRIPCION FISICA
Extensión 30 p.
Dimensiones 21 cm.
650 ## - ASIENTO SECUNDARIO DE MATERIA - TERMINO TEMATICO
Término temático o nombre geográfico como elemento de entrada biological diversity
650 ## - ASIENTO SECUNDARIO DE MATERIA - TERMINO TEMATICO
Término temático o nombre geográfico como elemento de entrada biosafety
650 ## - ASIENTO SECUNDARIO DE MATERIA - TERMINO TEMATICO
Término temático o nombre geográfico como elemento de entrada Cartagena protocol
Subdivisión geográfica Cartatega (Colombia)
710 ## - ASIENTO SECUNDARIO - NOMBRE CORPORATIVO
Nombre corporativo o de jurisdicción como elemento de entrada Secretariat of the convention on biological diversity
942 ## - ELEMENTOS ADICIONALES (KOHA)
Sistema de clasificación Dewey Decimal Classification
Tipo de ítem
Existencias
Withdrawn status Lost status Sistema de Clasificación Damaged status No para préstamo Colección Inventariado Ubicación Permanente Ubicación actual Fecha de adquisición Fuente de Valor Valor Total Checkouts Número topográfico Inventario / Código de Barras Date last seen Ejemplar Price effective from Forma de adquisición Tipo de material
    Dewey Decimal Classification     General Inventariado 2017 Bogotá Bogotá 24/07/2013 Instituto 15000.00   LB-338.9 U58c 028690 24/07/2013 Ej. 1 24/07/2013   Libro
    Dewey Decimal Classification     General Inventariado 2017 Sala Fabio Quevedo Sala Fabio Quevedo 24/07/2013 Instituto 15000.00   LB-338.9 U58c 028688 24/07/2013 Ej. 2 24/07/2013   Libro
    Dewey Decimal Classification     General Inventariado 2017 Sala Fabio Quevedo Sala Fabio Quevedo 24/07/2013 Instituto 15000.00   LB-338.9 U58c 028689 25/07/2013 Ej. 3 24/07/2013   Libro